| 000 | 00405 a2200121 4500 | ||
|---|---|---|---|
| 001 | 91017 | ||
| 082 | _a620.11233 NAU | ||
| 090 |
_c43166 _d43166 |
||
| 100 | _aKonstantin Naumenko ; Holm Altenbach | ||
| 245 |
_aModeling of creep for structural analysis; Foundations of Engineering Mechanics _cKonstantin Naumenko ; Holm Altenbach _hEnglish |
||
| 260 |
_aBerlin _bSpringer _c2007 |
||
| 300 | _axii, 220 p | ||
| 942 |
_aCAE NUST _k620.11233 NAU |
||
| 999 |
_c326090 _d326090 |
||